Normale Ansicht MARC-Ansicht ISBD

Chronik der Stadt Frankfurt an der Oder (Titelsatznr. 78871)

[ MARC ]
MARC-Details
000 -Satzkennung
Kontrollfeld mit fester Länge 00383nam a2200157 4500
001 - Kontrollnummer
Kontrollfeld 18597
005 - Datum und Zeit der letzten Transaktion
Kontrollfeld 20201125173855.0
007 - Feld mit fester Länge zur physischen Beschreibung - Allgemeine Information
Kontrollfeld mit fester Länge tu
008 - Feld mit fester Länge zur physischen Beschreibung - Allgemeine Angaben
Kontrollfeld mit fester Länge 170221|||||||||||| ger
100 1# - Haupteintragung - Personenname
Personenname Knabe, Lotte
245 00 - Titel
Titel Chronik der Stadt Frankfurt an der Oder
Zusatz zum Titel 1400 - 1571
Verfasserangabe etc. Lotte Knabe
365 ## - Handelspreis
Währungscode
546 ## - Fußnote zur Sprache
Sprache deutsch
650 04 - Nebeneintragung unter einem Schlagwort - Sachschlagwort
Sachschlagwort oder geografischer Name als Eintragungselement Geschichte
650 04 - Nebeneintragung unter einem Schlagwort - Sachschlagwort
Sachschlagwort oder geografischer Name als Eintragungselement Frankfurt (Oder)
Exemplare
Ausgeschieden Verloren Klassifikation oder Aufstellungssystematik Beschädigt Nicht entleihbar Heimatbibliothek Aufenthaltsbibliothek Erwerbungsdatum Kodierter Standort-Qualifier Anzahl Ausleihen Signatur Letzte Aktivität Preis gültig von Koha-Medientyp
    Andere/Generische Klassifikation     Stadtarchiv Frankfurt (Oder) | Archivbibliothek Stadtarchiv Frankfurt (Oder) | Archivbibliothek 25/11/2020 M   Altsignatur: HsM: 4° 17 Verweis StAFF 3-815 - BA II 20081 25/11/2020 25/11/2020 Bücher